LEADER 02035nam0 2200385 i 450 001 BVEE040674 005 20170908093221.0 012 $ao-la maa- i-r- podi (3) 1648 (R)$2fei 100 $a20130521d1648 ||||0itac50 ba 101 | $alat 102 $anl 181 1$6z01$ai $bxxxe 182 1$6z01$an 200 1 $a˜GeorgI HornI œRerum Britannicarum libri septem, quibus res in Anglia, Scotia, Hibernia, ab anno 1645 bello gestae, exponuntur 210 $aLugd. Batav.$cex officina Francisci Hackii$d1648 215 $a\16!, 368 p.$d8º 300 $aMarca non controllata (aquila: Movendo) sul front 300 $aSegn.: *⁸A-Z⁸. 316 $a1 v. (timbro BR Neapolis sul front.)$5IT-NA0079, SALA FARN.56. B 53 620 $dLeida$3BVEL001748 700 1$aHorn$b, Georg$f <1620-1670>$3VEAV048302$4070$0328721 712 02$aHackius, Franciscus$3MILV177965$4650 790 1$aHornius$b, Georgius$3VEAV048307$zHorn, Georg <1620-1670> 791 02$aHack, Frans$3MILV252897$zHackius, Franciscus 791 02$aHack, Franciscus$3NAPV083916$zHackius, Franciscus 801 3$aIT$bIT-NA0079$c20130521 850 $aIT-NA0079 899 1$aBiblioteca Nazionale Vittorio Emanuele III$bNA0079$41 esemplare$eS$uhttp://books.google.com/books?vid=IBNN:BNA01001474510 912 $aBVEE040674 921 $aSBNM000001$bMarca non controllata$cS2$dSul front. 950 0$aBiblioteca Nazionale Vittorio Emanuele III$c1 v.$d BNSALA FARN.56. B 53$e BNA010014745105G B 1 v. (timbro BR Neapolis sul front.)$fC $h20130521$i20130521$lTimbro BR Neapolis sul front.$mTimbri storici della biblioteca proprietaria 956 $aBiblioteca Nazionale Vittorio Emanuele III$b1$c $d $eBNA01001474510$uhttp://books.google.com/books?vid=IBNN:BNA01001474510$z BNSALA FARN.56. B 53 977 $a BN 996 $aRerum Britannicarum libri septem, quibus res in Anglia, Scotia, Hibernia, ab anno 1645 bello gestae, exponuntur$91481457 997 $aUNISANNIO LEADER 02706oam 2200493Ia 450 001 9910697724503321 005 20160209075016.0 035 $a(CKB)5470000002391730 035 $a(OCoLC)227337976 035 $a(EXLCZ)995470000002391730 100 $a20080509d2008 ua 0 101 0 $aeng 135 $aurmn||||m|||| 181 $ctxt$2rdacontent 182 $cc$2rdamedia 183 $acr$2rdacarrier 200 00$aHelicopter electromagnetic and magnetic geophysical survey data, Oakland, Ashland, and Firth study areas, eastern Nebraska, March 2007$b[electronic resource] /$fby Bruce D. Smith ... [and others] ; in cooperation with the State of Nebraska, Conservation and Surveys Division 205 $aVersion 1.0. 210 1$aReston, Va. :$cU.S. Geological Survey,$d2008. 215 $a1 electronic document $cHTML, digital, PDF, Shape, Autocad, ASCII, Geotiff file 225 1 $aOpen-file report ;$v2008-1018 300 $aTitle from HTML title screen (viewed on May 8, 2008). 300 $a"This report is a digital data release for a helicopter electromagnetic and magnetic survey that was conducted during March 2007 in three 93-square-kilometer (36-square-mile) areas of eastern Nebraska as part of a joint State of Nebraska and U.S. Geological Survey study. The objective of the survey is to improve the understanding of the relationship between surface-water and ground-water systems critical to developing water resource management programs." 300 $aSome data files provided in zipped format. 320 $aIncludes bibliographical references. 327 $aReport -- Appendix 1 [poster] -- Appendix II: Fugro geophysical report -- Metadata directory -- GIS survey directory -- Linedata directory -- Plots directory. 606 $aGeomagnetism$zNebraska$xRemote sensing$vObservations 606 $aHydrogeology$zNebraska$xRemote sensing$vObservations 606 $aEarth resistance (Geophysics)$xRemote sensing$vObservations 607 $aNebraska$xEnvironmental conditions$xRemote sensing$vObservations 615 0$aGeomagnetism$xRemote sensing 615 0$aHydrogeology$xRemote sensing 615 0$aEarth resistance (Geophysics)$xRemote sensing 701 $aSmith$b Bruce D$0132439 712 02$aGeological Survey (U.S.) 712 02$aUniversity of Nebraska--Lincoln.$bConservation and Survey Division. 712 02$aFugro Airborne Surveys Corporation. 801 0$bGIS 801 1$bGIS 801 2$bGPO 906 $aBOOK 912 $a9910697724503321 996 $aHelicopter electromagnetic and magnetic geophysical survey data, Oakland, Ashland, and Firth study areas, eastern Nebraska, March 2007$93445465 997 $aUNINA